The new egalitarianism

Αποθηκεύτηκε σε:
Λεπτομέρειες βιβλιογραφικής εγγραφής
Άλλοι συγγραφείς: Diamond, Patrick (Επιμελητής έκδοσης), Giddens, Anthony (Επιμελητής έκδοσης)
Μορφή: Βιβλίο
Γλώσσα:English
Δημοσίευση: Cambridge, UK ; Madlen, MA : Polity, 2006, c2005.
Έκδοση:1η έκδ., Αναθ.
Θέματα:
Ετικέτες: Προσθήκη ετικέτας
Δεν υπάρχουν, Καταχωρήστε ετικέτα πρώτοι!

MARC

LEADER 00000cam a2200000 i 4500
001 1/63705
008 071120s2005 enk| ||| |||| ||eng||
020 |a 0745634311 
035 |l 10092413 
040 |a GR-MyUA  |b gre  |e AACR2 
041 0 |a eng 
082 0 |a 305  |2 (22) 
245 1 4 |a The new egalitarianism /   |c edited by Anthony Giddens and Patrick Diamond.  
250 |a 1η έκδ., Αναθ.  
260 |a Cambridge, UK ;   |a Madlen, MA :   |b Polity,   |c 2006, c2005.  
300 |a ix, 254 σ. :   |b εικ. ;   |c 23 εκ.  
504 |a Περιέχει βιβλιογραφικές παραπομπές σ. [211]-235 και ευρετήριο.  
650 0 0 |a Equality. 
650 0 0 |a Social justice. 
700 1 |a Diamond, Patrick,  |e edt 
700 1 |a Giddens, Anthony,  |e edt 
852 |a INST  |b SAMOS  |e 20071120  |h 305 NEW  |p 005300027833  |q 005300027833  |t BK  |y 0 
901 |a BIBL3-2007-3 
909 |a Σ  |b 140025 
922 |a 3ΕΛΗ  |b 200710  |c ΕΠΕΑΕΚ2/ΤΜΠΕΣ  |d ΠΑΠΑΣΩΤΗΡΙΟΥ 
970 |a ΡΟΥΣΣΟΥ  |b ΚΩΝΣΤΑΝΤΙΝΑ  |z 2007/11/20